Štátna pomoc ako možná forma deformácie konkurenčného prostredia bakalárska práca

Na minha lista:
Detalhes bibliográficos
Autor principal: Možutík, Jakub
Autor Corporativo: Národohospodárska fakulta EU. Katedra hospodárskej politiky
Outros Autores: Skaličanová, Barbora
Formato: Livro
Idioma:eslovaco
Publicado em: Bratislava 2017
Tags: Adicionar Tag
Sem tags, seja o primeiro a adicionar uma tag!

MARC

LEADER 00000nbm a2200000 4500
001 0233846
005 20170801092635.9
041 0 |a slo 
044 |a SK 
245 1 0 |a Štátna pomoc ako možná forma deformácie konkurenčného prostredia  |b bakalárska práca  |c Jakub Možutík ; školiteľ: Barbora Skaličanová 
264 1 |a Bratislava  |c 2017 
300 |a 47 s. 
100 1 |a Možutík, Jakub 
700 1 |a Skaličanová, Barbora 
710 2 |a Národohospodárska fakulta EU. Katedra hospodárskej politiky